[Event "Titled Tuesday intern op 23rd Apr Late"]
[Site "Chess.com INT"]
[Date "2024.04.23"]
[Round "7"]
[White "Kornyukov, Alexey"]
[Black "Skaric, Djuro"]
[Result "1-0"]
[WhiteElo "2452"]
[BlackElo "2297"]
[PlyCount "87"]
[EventDate "2024.04.23"]
[EventType "swiss (blitz)"]
[EventRounds "11"]
[EventCountry "USA"]
[SourceTitle "CBM 219 Extra"]
[Source "ChessBase"]
[SourceDate "2024.05.31"]
[SourceVersion "1"]
[SourceVersionDate "2024.05.31"]
[SourceQuality "1"]

1. d4 d6 2. c4 g6 3. Nc3 Bg7 4. e4 Nf6 5. f3 0-0 6. Bg5 Nc6 7. Nge2 h6 8. Be3 e5 9. d5 Ne7 10. Qd2 Kh7 11. 0-0-0 a6 12. Kb1 Ne8 13. g4 c6 14. h4 b5 15. Ng3 bxc4 16. Bxc4 cxd5 17. Nxd5 Be6 18. h5 g5 19. Nf5 Nxd5 20. Bxd5 Rb8 21. Rh2 Qc7 22. Qd3 Nf6 23. Rc2 Qd7 24. Bxe6 fxe6 25. Nxg7 Kxg7 26. Qxd6 Qxd6 27. Rxd6 Rbe8 28. Rc7+ Rf7 29. Rxf7+ Kxf7 30. Rxa6 Ng8 31. Ra7+ Kf6 32. Bc5 Rc8 33. b4 Rb8 34. Kc2 Rc8 35. Kb3 Rb8 36. a4 Rc8 37. a5 Rd8 38. a6 Rd3+ 39. Kc4 Rxf3 40. Rb7 Rf1 41. a7 Ra1 42. Rb8 Ne7 43. Bxe7+ Kxe7 44. a8Q 1-0

[Event "Titled Tuesday intern op 26th Mar Late"]
[Site "Chess.com INT"]
[Date "2024.03.26"]
[Round "5"]
[White "Hernando Rodrigo, Julio Antonio"]
[Black "Kornyukov, Alexey"]
[Result "1-0"]
[WhiteElo "2223"]
[BlackElo "2452"]
[PlyCount "109"]
[EventDate "2024.03.26"]
[EventType "swiss (blitz)"]
[EventRounds "11"]
[EventCountry "USA"]
[SourceTitle "EXT 2025"]
[Source "ChessBase"]
[SourceDate "2024.10.14"]
[SourceVersion "1"]
[SourceVersionDate "2024.10.14"]
[SourceQuality "1"]

1. d4 d5 2. c4 e6 3. Nf3 a6 4. Nbd2 c5 5. cxd5 cxd4 6. dxe6 Bxe6 7. g3 Nc6 8. Bg2 d3 9. 0-0 dxe2 10. Qxe2 Be7 11. Nb3 Nf6 12. Rd1 Qc8 13. Nfd4 Bg4 14. f3 Nxd4 15. Nxd4 Be6 16. Nxe6 Qxe6 17. Qxe6 fxe6 18. f4 Bc5+ 19. Kf1 Rb8 20. Bh3 Kf7 21. Bd2 Nd5 22. Rac1 Rbc8 23. Ke2 Bd4 24. Rxc8 Rxc8 25. Be1 Rc4 26. b3 Rc2+ 27. Rd2 Rxd2+ 28. Bxd2 Bc3 29. Bg2 Bxd2 30. Kxd2 Ke7 31. Bxd5 exd5 32. Kc3 h5 33. Kd4 Ke6 34. h3 g6 35. g4 hxg4 36. hxg4 b6 37. a3 a5 38. a4 Kd6 39. f5 gxf5 40. gxf5 Kc6 41. f6 Kd6 42. f7 Ke7 43. Kxd5 Kxf7 44. Kc6 Ke7 45. Kxb6 Kd6 46. Kxa5 Kc7 47. Ka6 Kb8 48. Kb6 Ka8 49. b4 Kb8 50. b5 Ka8 51. Kc7 Ka7 52. b6+ Ka6 53. b7 Ka5 54. b8Q Ka6 55. Qb6# 1-0

[Event "Titled Tuesday intern op 26th Mar Early"]
[Site "Chess.com INT"]
[Date "2024.03.26"]
[Round "2"]
[White "Jaiveer, Mahendru"]
[Black "Kornyukov, Alexey"]
[Result "1-0"]
[WhiteElo "2244"]
[BlackElo "2452"]
[PlyCount "101"]
[EventDate "2024.03.26"]
[EventType "swiss (blitz)"]
[EventRounds "11"]
[EventCountry "USA"]
[SourceTitle "EXT 2025"]
[Source "ChessBase"]
[SourceDate "2024.10.14"]
[SourceVersion "1"]
[SourceVersionDate "2024.10.14"]
[SourceQuality "1"]

1. f4 d5 2. Nf3 Nf6 3. g3 Bg4 4. Bg2 e6 5. 0-0 Bd6 6. d3 0-0 7. Qe1 Nbd7 8. e4 Bc5+ 9. Kh1 Nb6 10. e5 Nfd7 11. h3 Bh5 12. d4 Be7 13. c3 c5 14. Nbd2 cxd4 15. Nxd4 Bg6 16. g4 Bh4 17. Qe2 h6 18. N2f3 Be7 19. f5 exf5 20. gxf5 Bh5 21. e6 Nf6 22. Bf4 Ne4 23. Qd3 Bd6 24. Ne5 f6 25. Ng4 Bxf4 26. Rxf4 Qd6 27. Raf1 Ng5 28. Ne3 Rfd8 29. h4 Ne4 30. Bxe4 dxe4 31. Qxe4 Be8 32. Qxb7 Qe5 33. Qe4 Rxd4 34. Qxd4 Bc6+ 35. Kg1 Qb5 36. c4 Qb4 37. Rg4 Qe7 38. c5 Rd8 39. Qb4 Nd5 40. Nxd5 Rxd5 41. Qb8+ Kh7 42. b4 Rd2 43. Qf4 Rxa2 44. Qd6 Qb7 45. Rf2 Ra1+ 46. Rf1 Ra2 47. e7 Bb5 48. Qe6 Bxf1 49. e8Q Rg2+ 50. Kh1 Rxg4+ 51. c6 1-0

[Event "Titled Tuesday intern op 26th Mar Late"]
[Site "Chess.com INT"]
[Date "2024.03.26"]
[Round "7"]
[White "Kornyukov, Alexey"]
[Black "Yu, Avery"]
[Result "1-0"]
[WhiteElo "2452"]
[BlackElo "1815"]
[PlyCount "85"]
[EventDate "2024.03.26"]
[EventType "swiss (blitz)"]
[EventRounds "11"]
[EventCountry "USA"]
[SourceTitle "EXT 2025"]
[Source "ChessBase"]
[SourceDate "2024.10.14"]
[SourceVersion "1"]
[SourceVersionDate "2024.10.14"]
[SourceQuality "1"]

1. d4 d5 2. c4 e6 3. Nc3 Nf6 4. cxd5 Nxd5 5. e4 Nxc3 6. bxc3 c5 7. a3 cxd4 8. cxd4 e5 9. Nf3 exd4 10. Qxd4 Qxd4 11. Nxd4 Be7 12. Be3 0-0 13. Bc4 Nd7 14. Ke2 Nb6 15. Bb3 Bd7 16. Nf5 Bf6 17. Rab1 Bxf5 18. exf5 Rfe8 19. Rhc1 Be5 20. Kf3 Nd7 21. Bd5 Bd6 22. Rxb7 Ne5+ 23. Ke2 Rad8 24. Rxa7 Ng4 25. Bxf7+ Kf8 26. Bxe8 Rxe8 27. h3 Nxe3 28. fxe3 Bf4 29. Rc3 Be5 30. Rd3 Bf6 31. Kf3 h6 32. g4 Kg8 33. a4 Be5 34. a5 Rc8 35. a6 Rc5 36. Ra3 Bb2 37. Ra2 Be5 38. Rb7 Rc8 39. a7 Ra8 40. Ra5 Bh2 41. Rab5 Kh7 42. Rd5 Kh8 43. Kg2 1-0

[Event "Titled Tuesday intern op 26th Mar Early"]
[Site "Chess.com INT"]
[Date "2024.03.26"]
[Round "11"]
[White "Murthy, Pappu LN"]
[Black "Kornyukov, Alexey"]
[Result "0-1"]
[WhiteElo "1893"]
[BlackElo "2452"]
[PlyCount "74"]
[EventDate "2024.03.26"]
[EventType "swiss (blitz)"]
[EventRounds "11"]
[EventCountry "USA"]
[SourceTitle "EXT 2025"]
[Source "ChessBase"]
[SourceDate "2024.10.14"]
[SourceVersion "1"]
[SourceVersionDate "2024.10.14"]
[SourceQuality "1"]

1. e4 c5 2. Nf3 Nc6 3. d4 cxd4 4. Nxd4 e5 5. Nb5 a6 6. Nd6+ Bxd6 7. Qxd6 Qe7 8. Qd1 Nf6 9. Nc3 d6 10. Bc4 Be6 11. Bxe6 fxe6 12. 0-0 0-0-0 13. Be3 h5 14. b4 Nxb4 15. Rb1 Nc6 16. f3 Rdg8 17. Na4 g5 18. Nb6+ Kb8 19. Qd3 g4 20. Nc4 d5 21. exd5 exd5 22. Na5 Nxa5 23. Qxa6 d4 24. Bd2 gxf3 25. Rxf3 d3 26. Rxf6 Qc5+ 27. Kh1 dxc2 28. Qb5 cxb1Q+ 29. Qxb1 Qd5 30. Rf2 Nc4 31. Bb4 Rxg2 32. Rxg2 Rg8 33. Qg1 Ne3 34. Bd6+ Ka8 35. h3 Rxg2 36. Bxe5 Rxg1+ 37. Kxg1 Qg2# 0-1

[Event "Titled Tuesday intern op 26th Mar Early"]
[Site "Chess.com INT"]
[Date "2024.03.26"]
[Round "8"]
[White "Romero Arzuaga, Yudel"]
[Black "Kornyukov, Alexey"]
[Result "1-0"]
[WhiteElo "2231"]
[BlackElo "2452"]
[PlyCount "125"]
[EventDate "2024.03.26"]
[EventType "swiss (blitz)"]
[EventRounds "11"]
[EventCountry "USA"]
[SourceTitle "EXT 2025"]
[Source "ChessBase"]
[SourceDate "2024.10.14"]
[SourceVersion "1"]
[SourceVersionDate "2024.10.14"]
[SourceQuality "1"]

1. d4 Nf6 2. Nf3 d5 3. Bf4 g6 4. e3 Bg7 5. h3 0-0 6. Nbd2 c5 7. c3 Nc6 8. Be2 Qb6 9. Qb3 c4 10. Qc2 Bf5 11. Qc1 e6 12. 0-0 Rfd8 13. Ne5 Nxe5 14. Bxe5 Ne4 15. Bxg7 Kxg7 16. Nxe4 Bxe4 17. f3 Bf5 18. g4 Bd3 19. Bxd3 cxd3 20. Rd1 Qb5 21. Qd2 f5 22. Rab1 fxg4 23. hxg4 Rf8 24. Kg2 Qe8 25. Qxd3 Qf7 26. f4 Kf6 27. g5+ Ke7 28. c4 Rac8 29. Rbc1 Rfd8 30. Qa3+ Ke8 31. cxd5 exd5 32. Qxa7 Qe6 33. Qa4+ Kf7 34. Rxc8 Qg4+ 35. Kf2 Rxc8 36. Rh1 Qf5 37. Rxh7+ Kg8 38. Qd7 Rc2+ 39. Kg3 Qxd7 40. Rxd7 Rxb2 41. Rxd5 Rxa2 42. Rd7 Rb2 43. Kf3 b5 44. Rb7 b4 45. e4 Rb3+ 46. Kg4 Re3 47. e5 b3 48. d5 Rd3 49. d6 Kf8 50. f5 Rd4+ 51. Kf3 gxf5 52. g6 Rd5 53. Kf4 Rd3 54. Kxf5 Rf3+ 55. Ke6 b2 56. d7 Rd3 57. Rxb2 Kg7 58. Rb8 Kh6 59. d8Q Rd6+ 60. Qxd6 Kg7 61. Qe7+ Kh6 62. Rh8+ Kxg6 63. Qf6# 1-0

[Event "Titled Tuesday intern op 26th Mar Early"]
[Site "Chess.com INT"]
[Date "2024.03.26"]
[Round "5"]
[White "Willy, Stephen"]
[Black "Kornyukov, Alexey"]
[Result "0-1"]
[WhiteElo "1994"]
[BlackElo "2452"]
[PlyCount "104"]
[EventDate "2024.03.26"]
[EventType "swiss (blitz)"]
[EventRounds "11"]
[EventCountry "USA"]
[SourceTitle "EXT 2025"]
[Source "ChessBase"]
[SourceDate "2024.10.14"]
[SourceVersion "1"]
[SourceVersionDate "2024.10.14"]
[SourceQuality "1"]

1. e4 c5 2. Nf3 Nc6 3. Nc3 e6 4. d4 cxd4 5. Nxd4 Nf6 6. Qd3 Nb4 7. Qd2 Bc5 8. Nb3 Bb6 9. Nb5 Nc6 10. Nd6+ Kf8 11. Be2 Bc7 12. 0-0 Qe7 13. Nb5 Nxe4 14. Qe3 d5 15. Nxc7 Qxc7 16. f3 Nf6 17. Kh1 Kg8 18. f4 Ne4 19. Bd3 f5 20. c4 Nb4 21. cxd5 Nxd5 22. Qd4 Nef6 23. Bd2 Bd7 24. Rac1 Qb6 25. Nc5 Rc8 26. Nxd7 Qxd4 27. Rxc8+ Kf7 28. Ne5+ Ke7 29. Rxh8 Ng4 30. Bc3 Nxc3 31. bxc3 Nf2+ 32. Rxf2 Qxf2 33. g3 Qe1+ 34. Kg2 Qxc3 35. Rxh7 Kf6 36. Rh8 Qd2+ 37. Kg1 Qe1+ 38. Bf1 Qe3+ 39. Kg2 Qe4+ 40. Nf3 Qc2+ 41. Kg1 Qc5+ 42. Kh1 Qd5 43. Bg2 Qxa2 44. h4 Qb1+ 45. Kh2 a5 46. Ne5 a4 47. Re8 a3 48. Rf8+ Ke7 49. Rf7+ Ke8 50. Rxb7 Qxb7 51. Bxb7 a2 52. Bc6+ Ke7 0-1

[Event "Titled Tuesday intern op 19th Mar Late"]
[Site "Chess.com INT"]
[Date "2024.03.19"]
[Round "8"]
[White "Kornyukov, Alexey"]
[Black "Curtis, John"]
[Result "1-0"]
[WhiteElo "2452"]
[BlackElo "2292"]
[PlyCount "57"]
[EventDate "2024.03.19"]
[EventType "swiss (blitz)"]
[EventRounds "11"]
[EventCountry "USA"]
[SourceTitle "EXT 2025"]
[Source "ChessBase"]
[SourceDate "2024.10.14"]
[SourceVersion "1"]
[SourceVersionDate "2024.10.14"]
[SourceQuality "1"]

1. d4 Nf6 2. c4 e6 3. Nc3 Bb4 4. f3 c5 5. d5 exd5 6. cxd5 b5 7. e4 a6 8. a4 bxa4 9. Nge2 d6 10. Ng3 a3 11. Rxa3 Bxa3 12. bxa3 h6 13. Be2 Qa5 14. Qc2 Bd7 15. 0-0 g6 16. Bf4 Qc7 17. h4 Nh5 18. Nxh5 gxh5 19. Bc4 Rg8 20. Kh2 Qd8 21. g3 Qf6 22. Re1 Kd8 23. Bf1 Re8 24. Qb3 Kc8 25. Rb1 Qd4 26. Qb7+ Kd8 27. Qxa8 Qf2+ 28. Bg2 Ke7 29. Rxb8 1-0

[Event "Titled Tuesday intern op 05th Mar Late"]
[Site "Chess.com INT"]
[Date "2024.03.05"]
[Round "7"]
[White "Coe, William R"]
[Black "Kornyukov, Alexey"]
[Result "0-1"]
[WhiteElo "2078"]
[BlackElo "2452"]
[PlyCount "100"]
[EventDate "2024.03.05"]
[EventType "swiss (blitz)"]
[EventRounds "11"]
[EventCountry "USA"]
[SourceTitle "EXT 2025"]
[Source "ChessBase"]
[SourceDate "2024.10.14"]
[SourceVersion "1"]
[SourceVersionDate "2024.10.14"]
[SourceQuality "1"]

1. e4 c5 2. Nf3 Nc6 3. Bb5 e6 4. 0-0 Nge7 5. Re1 a6 6. Bf1 d5 7. exd5 Nxd5 8. d4 Nf6 9. c3 cxd4 10. cxd4 Be7 11. Nc3 0-0 12. h3 b5 13. a3 Bb7 14. Be3 Nd5 15. Nxd5 Qxd5 16. Qd2 Rac8 17. Rad1 Rfd8 18. Qd3 Bf6 19. Qb1 h6 20. Bd3 Ne7 21. Bf4 Qh5 22. Be4 Bxe4 23. Qxe4 Qd5 24. Qd3 Nf5 25. Be3 Qc4 26. Qb1 Qc2 27. Rd2 Qxb1 28. Rxb1 Rd5 29. Rbd1 Kf8 30. g4 Nd6 31. Kg2 Nc4 32. Re2 Rcd8 33. Rc2 e5 34. g5 hxg5 35. Bxg5 Bxg5 36. Nxg5 exd4 37. Ne4 d3 38. Rc3 Nxb2 39. Rb3 Nc4 40. f3 f6 41. Kf2 R8d7 42. Nc3 Re5 43. Ne4 Red5 44. Nc3 Rd4 45. Ne4 Kf7 46. Nc5 R7d6 47. Nb7 Re6 48. Nc5 Re2+ 49. Kg3 Ne3 50. Rbxd3 Rg2# 0-1

[Event "Titled Tuesday intern op 05th Mar Late"]
[Site "Chess.com INT"]
[Date "2024.03.05"]
[Round "10"]
[White "Janaszak, Dawid"]
[Black "Kornyukov, Alexey"]
[Result "1-0"]
[WhiteElo "2308"]
[BlackElo "2452"]
[PlyCount "65"]
[EventDate "2024.03.05"]
[EventType "swiss (blitz)"]
[EventRounds "11"]
[EventCountry "USA"]
[SourceTitle "EXT 2025"]
[Source "ChessBase"]
[SourceDate "2024.10.14"]
[SourceVersion "1"]
[SourceVersionDate "2024.10.14"]
[SourceQuality "1"]

1. e4 c5 2. Nc3 Nc6 3. Bc4 e6 4. a3 Nf6 5. d3 d5 6. Bb5 Bd7 7. Nf3 Qc7 8. 0-0 h6 9. exd5 exd5 10. Re1+ Be7 11. Bxc6 Bxc6 12. Ne5 0-0 13. Bf4 Bd6 14. Bg3 d4 15. Nxc6 Bxg3 16. Ne7+ Kh8 17. hxg3 dxc3 18. bxc3 Rfe8 19. Nf5 g6 20. Ne3 Rad8 21. Qf3 Kg7 22. Rab1 b6 23. c4 Qe5 24. a4 Qc3 25. Re2 Re6 26. Rbe1 Rde8 27. Rb1 h5 28. Ree1 Ng4 29. Re2 Nxe3 30. fxe3 R8e7 31. Rf1 Re5 32. Qf6+ Kg8 33. Ref2 1-0

[Event "Titled Tuesday intern op 05th Mar Late"]
[Site "Chess.com INT"]
[Date "2024.03.05"]
[Round "8"]
[White "Kornyukov, Alexey"]
[Black "Filgueira, Hernan"]
[Result "1-0"]
[WhiteElo "2452"]
[BlackElo "2283"]
[PlyCount "139"]
[EventDate "2024.03.05"]
[EventType "swiss (blitz)"]
[EventRounds "11"]
[EventCountry "USA"]
[SourceTitle "EXT 2025"]
[Source "ChessBase"]
[SourceDate "2024.10.14"]
[SourceVersion "1"]
[SourceVersionDate "2024.10.14"]
[SourceQuality "1"]

1. d4 Nf6 2. c4 e6 3. Nc3 Bb4 4. f3 d5 5. a3 Be7 6. e4 dxe4 7. fxe4 e5 8. d5 Bc5 9. Bg5 Bd4 10. Qd2 Nbd7 11. Bd3 Nc5 12. Nge2 h6 13. Bxf6 Qxf6 14. Nxd4 exd4 15. Nb5 0-0 16. Bc2 d3 17. Bxd3 Nb3 18. Qd1 Nxa1 19. Qxa1 c6 20. Nc3 Qd4 21. Qd1 Bg4 22. Be2 Qe3 23. Qd2 Qxd2+ 24. Kxd2 Bxe2 25. Kxe2 cxd5 26. exd5 Rfe8+ 27. Kd3 f5 28. Rf1 g6 29. c5 Kf7 30. b4 a5 31. b5 Kf6 32. Kd4 Rad8 33. b6 Re5 34. g3 g5 35. Kc4 Re3 36. c6 Ke5 37. c7 Rc8 38. Nb5 Re2 39. Na7 Rc2+ 40. Kb5 R2xc7 41. bxc7 Rxc7 42. Kb6 Rc3 43. Nb5 Rd3 44. d6 f4 45. gxf4+ gxf4 46. Kxb7 f3 47. Kc7 Kf4 48. d7 Rxd7+ 49. Kxd7 Ke3 50. Nd6 Ke2 51. Rb1 f2 52. Nc4 f1Q 53. Rxf1 Kxf1 54. Nxa5 Kg2 55. Nc4 Kxh2 56. a4 h5 57. a5 h4 58. a6 h3 59. a7 Kg1 60. a8Q h2 61. Qa1+ Kg2 62. Qb2+ Kg3 63. Qc1 Kg2 64. Qd2+ Kg3 65. Qe1+ Kg2 66. Qe2+ Kg1 67. Qg4+ Kh1 68. Qd1+ Kg2 69. Ne3+ Kf2 70. Qh1 1-0

[Event "Titled Tuesday intern op 05th Mar Late"]
[Site "Chess.com INT"]
[Date "2024.03.05"]
[Round "3"]
[White "Kornyukov, Alexey"]
[Black "Jegorovas, Aleksandras"]
[Result "1-0"]
[WhiteElo "2452"]
[BlackElo "2270"]
[PlyCount "125"]
[EventDate "2024.03.05"]
[EventType "swiss (blitz)"]
[EventRounds "11"]
[EventCountry "USA"]
[SourceTitle "EXT 2025"]
[Source "ChessBase"]
[SourceDate "2024.10.14"]
[SourceVersion "1"]
[SourceVersionDate "2024.10.14"]
[SourceQuality "1"]

1. d4 e6 2. c4 Nf6 3. Nc3 Bb4 4. f3 0-0 5. e4 d5 6. cxd5 exd5 7. e5 Nfd7 8. a3 Be7 9. Nxd5 c5 10. f4 cxd4 11. Nxe7+ Qxe7 12. Nf3 Nc6 13. b4 f6 14. b5 Na5 15. Qxd4 fxe5 16. fxe5 Rxf3 17. gxf3 Nxe5 18. Kf2 Nb3 19. Qe4 Nxa1 20. Bb2 Ng4+ 21. Kg3 Qd6+ 22. Qf4 Qxf4+ 23. Kxf4 Nf2 24. Bc4+ Kf8 25. Rxa1 Nh3+ 26. Kg3 Ng5 27. Rd1 Be6 28. Bxe6 Nxe6 29. a4 Rd8 30. Ba3+ Kf7 31. Rxd8 Nxd8 32. Kf4 Ke6 33. Ke4 Nf7 34. Bc5 a6 35. bxa6 bxa6 36. f4 g6 37. h3 Nh6 38. Bd4 Nf5 39. Bf2 Kd6 40. Bb6 Ke6 41. Bc7 Ne7 42. Be5 Nc6 43. Bc7 Nb4 44. Kd4 Kf5 45. Kc5 Nd3+ 46. Kb6 Nxf4 47. Bxf4 Kxf4 48. Kxa6 Kg3 49. Kb6 Kxh3 50. a5 g5 51. a6 g4 52. a7 g3 53. a8Q g2 54. Qf3+ Kh2 55. Qh5+ Kg1 56. Qxh7 Kf1 57. Qf5+ Kg1 58. Kc5 Kh2 59. Qh5+ Kg3 60. Qg5+ Kh3 61. Kd4 Kh2 62. Qh4+ Kg1 63. Ke3 1-0

[Event "Titled Tuesday intern op 27th Feb Early"]
[Site "Chess.com INT"]
[Date "2024.02.27"]
[Round "11"]
[White "Kornyukov, Alexey"]
[Black "Sailer, Mike L"]
[Result "1-0"]
[WhiteElo "2452"]
[BlackElo "2095"]
[PlyCount "127"]
[EventDate "2024.02.27"]
[EventType "swiss (blitz)"]
[EventRounds "11"]
[EventCountry "USA"]
[SourceTitle "EXT 2025"]
[Source "ChessBase"]
[SourceDate "2024.10.14"]
[SourceVersion "1"]
[SourceVersionDate "2024.10.14"]
[SourceQuality "1"]

1. e4 d5 2. exd5 Qxd5 3. Nc3 Qd6 4. Nf3 c6 5. d4 Bg4 6. Be2 Nf6 7. h3 Bxf3 8. Bxf3 e6 9. 0-0 Nbd7 10. Bg5 Qc7 11. Re1 Bd6 12. d5 Nxd5 13. Bxd5 cxd5 14. Nxd5 Qc5 15. b4 Qc6 16. Ne3 0-0 17. b5 Qc5 18. Bh4 Nb6 19. a4 Bf4 20. Qf3 Bxe3 21. Qxe3 Qxc2 22. Qg3 Nd5 23. Re5 Rac8 24. Rg5 g6 25. Re1 Qc3 26. Rge5 Qxg3 27. Bxg3 Rc4 28. a5 Rfc8 29. Rb1 Rc1+ 30. Rxc1 Rxc1+ 31. Kh2 Rc5 32. b6 axb6 33. axb6 Rb5 34. Re4 Rxb6 35. Rc4 Rc6 36. Rd4 b5 37. Be5 Rc4 38. Rd2 b4 39. Ra2 Rc8 40. Rb2 h6 41. Bd6 Rc4 42. Be5 g5 43. Ra2 Kh7 44. Ra8 Kg6 45. g4 f6 46. Bg3 e5 47. Rg8+ Kf7 48. Rd8 Nf4 49. Bxf4 exf4 50. Rd7+ Ke6 51. Rb7 Ke5 52. Kg2 f5 53. Rb5+ Ke4 54. gxf5 f3+ 55. Kg3 h5 56. f6 Rc6 57. Rxb4+ Kf5 58. f7 Rf6 59. Rb5+ Kg6 60. Rb6 Kxf7 61. Rxf6+ Kxf6 62. Kxf3 Kf5 63. Kg3 h4+ 64. Kf3 1-0